Sports Quiz

Random Sports Quiz

History of WWF on PPV Part 10 Quiz Stats

 Plays Quiz not verified by Sporcle

Also try: #4 Athletes
Challenge
Share
Tweet
Embed
Score 0/294 Timer 20:00
0 Plays Today
Event Wrestler % Correct
No Mercy 99Triple H
97.6%
Survivor Series 99Triple H
97.6%
Armageddon 99Triple H
97.6%
Royal Rumble 00Triple H
97.6%
No Way Out 00Triple H
97.6%
Wrestlemania 2000Triple H
97.6%
Backlash 00Triple H
97.6%
Insurrextion 00Triple H
97.6%
No Mercy 99Steve Austin
97.4%
No Mercy 99The Rock
96.7%
Survivor Series 99The Rock
96.7%
Armageddon 99The Rock
96.7%
Royal Rumble 00The Rock
96.7%
No Way Out 00The Rock
96.7%
Wrestlemania 2000The Rock
96.7%
Backlash 00The Rock
96.7%
Insurrextion 00The Rock
96.7%
No Mercy 99Edge
96.4%
Survivor Series 99Edge
96.4%
Armageddon 99Edge
96.4%
Royal Rumble 00Edge
96.4%
No Way Out 00Edge
96.4%
Wrestlemania 2000Edge
96.4%
Backlash 00Edge
96.4%
Insurrextion 00Edge
96.4%
No Mercy 99Christian
96.2%
Survivor Series 99Bubba Ray Dudley
96.2%
Survivor Series 99D-Von Dudley
96.2%
Survivor Series 99Christian
96.2%
Armageddon 99Christian
96.2%
Armageddon 99Bubba Ray Dudley
96.2%
Armageddon 99D-Von Dudley
96.2%
Royal Rumble 00Bubba Ray Dudley
96.2%
Royal Rumble 00D-Von Dudley
96.2%
Royal Rumble 00Christian
96.2%
No Way Out 00Bubba Ray Dudley
96.2%
No Way Out 00D-Von Dudley
96.2%
No Way Out 00Christian
96.2%
Wrestlemania 2000Bubba Ray Dudley
96.2%
Wrestlemania 2000D-Von Dudley
96.2%
Wrestlemania 2000Christian
96.2%
Backlash 00Christian
96.2%
Backlash 00Bubba Ray Dudley
96.2%
Backlash 00D-Von Dudley
96.2%
Insurrextion 00Bubba Ray Dudley
96.2%
Insurrextion 00D-Von Dudley
96.2%
Insurrextion 00Christian
96.2%
No Mercy 99Mankind
96%
Survivor Series 99Mankind
96%
Armageddon 99Mankind
96%
Royal Rumble 00Cactus Jack
96%
No Way Out 00Cactus Jack
96%
No Mercy 99Jeff Hardy
95.7%
No Mercy 99Matt Hardy
95.7%
Survivor Series 99Jeff Hardy
95.7%
Survivor Series 99Matt Hardy
95.7%
Armageddon 99Jeff Hardy
95.7%
Armageddon 99Matt Hardy
95.7%
Royal Rumble 00Jeff Hardy
95.7%
Royal Rumble 00Matt Hardy
95.7%
No Way Out 00Jeff Hardy
95.7%
No Way Out 00Matt Hardy
95.7%
Wrestlemania 2000Jeff Hardy
95.7%
Wrestlemania 2000Matt Hardy
95.7%
Backlash 00Matt Hardy
95.7%
Backlash 00Jeff Hardy
95.7%
Insurrextion 00Jeff Hardy
95.7%
Insurrextion 00Matt Hardy
95.7%
Survivor Series 99Big Show
95.5%
Survivor Series 99Big Show
95.5%
Armageddon 99Big Show
95.5%
Royal Rumble 00Big Show
95.5%
No Way Out 00Big Show
95.5%
Wrestlemania 2000Big Show
95.5%
Backlash 00Big Show
95.5%
Insurrextion 00Big Show
95.5%
No Mercy 99Kane
95.2%
Survivor Series 99Kane
95.2%
Armageddon 99Kane
95.2%
Royal Rumble 00Kane
95.2%
No Way Out 00Kane
95.2%
Wrestlemania 2000Kane
95.2%
Insurrextion 00Kane
95.2%
Survivor Series 99Chris Jericho
95%
Armageddon 99Chris Jericho
95%
Royal Rumble 00Chris Jericho
95%
Royal Rumble 00Chris Jericho
95%
No Way Out 00Chris Jericho
95%
Wrestlemania 2000Chris Jericho
95%
Backlash 00Chris Jericho
95%
Insurrextion 00Chris Jericho
95%
No Mercy 99Road Dogg
94.8%
Survivor Series 99Kurt Angle
94.8%
Survivor Series 99Road Dogg
94.8%
Armageddon 99Kurt Angle
94.8%
Armageddon 99Road Dogg
94.8%
Royal Rumble 00Kurt Angle
94.8%
Royal Rumble 00Road Dogg
94.8%
Event Wrestler % Correct
Royal Rumble 00Road Dogg
94.8%
No Way Out 00Kurt Angle
94.8%
No Way Out 00Road Dogg
94.8%
Wrestlemania 2000Road Dogg
94.8%
Wrestlemania 2000Kurt Angle
94.8%
Backlash 00Road Dogg
94.8%
Backlash 00Kurt Angle
94.8%
Insurrextion 00Road Dogg
94.8%
Insurrextion 00Kurt Angle
94.8%
No Mercy 99Billy Gunn
94.5%
No Mercy 99Bradshaw
94.5%
Survivor Series 99Bradshaw
94.5%
Survivor Series 99Billy Gunn
94.5%
Armageddon 99Bradshaw
94.5%
Armageddon 99Billy Gunn
94.5%
Royal Rumble 00Billy Gunn
94.5%
Royal Rumble 00Bradshaw
94.5%
Royal Rumble 00Billy Gunn
94.5%
Royal Rumble 00Bradshaw
94.5%
No Way Out 00Billy Gunn
94.5%
Wrestlemania 2000Bradshaw
94.5%
Backlash 00Bradshaw
94.5%
Insurrextion 00Bradshaw
94.5%
No Mercy 99Hardcore Holly
94.3%
No Mercy 99Crash Holly
94.3%
Survivor Series 99Big Boss Man
94.3%
Survivor Series 99Crash Holly
94.3%
Survivor Series 99Hardcore Holly
94.3%
Armageddon 99Crash Holly
94.3%
Armageddon 99Hardcore Holly
94.3%
Armageddon 99Big Boss Man
94.3%
Royal Rumble 00Hardcore Holly
94.3%
Royal Rumble 00Big Boss Man
94.3%
Royal Rumble 00Crash Holly
94.3%
Royal Rumble 00Hardcore Holly
94.3%
No Way Out 00Big Boss Man
94.3%
Wrestlemania 2000Big Boss Man
94.3%
Wrestlemania 2000Hardcore Holly
94.3%
Wrestlemania 2000Crash Holly
94.3%
Backlash 00Big Boss Man
94.3%
Backlash 00Crash Holly
94.3%
Backlash 00Hardcore Holly
94.3%
Insurrextion 00Crash Holly
94.3%
No Mercy 99Chyna
94%
No Mercy 99Faarooq
94%
Survivor Series 99Faarooq
94%
Survivor Series 99Chyna
94%
Armageddon 99Faarooq
94%
Armageddon 99Chyna
94%
Royal Rumble 00Chyna
94%
Royal Rumble 00Faarooq
94%
Royal Rumble 00Chyna
94%
Royal Rumble 00Faarooq
94%
Wrestlemania 2000Faarooq
94%
Wrestlemania 2000Chyna
94%
Backlash 00Faarooq
94%
No Way Out 00Chris Benoit
93.3%
Wrestlemania 2000Chris Benoit
93.3%
Backlash 00Chris Benoit
93.3%
Insurrextion 00Chris Benoit
93.3%
No Mercy 99X-Pac
92.9%
Survivor Series 99X-Pac
92.9%
Armageddon 99X-Pac
92.9%
Royal Rumble 00X-Pac
92.9%
No Way Out 00X-Pac
92.9%
Wrestlemania 2000X-Pac
92.9%
Backlash 00X-Pac
92.9%
No Way Out 00Perry Saturn
92.1%
Wrestlemania 2000Perry Saturn
92.1%
Backlash 00Perry Saturn
92.1%
Insurrextion 00Perry Saturn
92.1%
Survivor Series 99D'Lo Brown
91.9%
Armageddon 99D'Lo Brown
91.9%
Royal Rumble 00D'Lo Brown
91.9%
Wrestlemania 2000D'Lo Brown
91.9%
No Mercy 99The Godfather
91.7%
Survivor Series 99The Godfather
91.7%
Survivor Series 99Scotty 2 Hotty
91.7%
Armageddon 99Scotty 2 Hotty
91.7%
Armageddon 99The Godfather
91.7%
Royal Rumble 00Scotty 2 Hotty
91.7%
Royal Rumble 00The Godfather
91.7%
No Way Out 00Scotty 2 Hotty
91.7%
Wrestlemania 2000The Godfather
91.7%
Wrestlemania 2000Scotty 2 Hotty
91.7%
Wrestlemania 2000Eddie Guerrero
91.7%
Wrestlemania 2000Mick Foley
91.7%
Backlash 00Scotty 2 Hotty
91.7%
Backlash 00Eddie Guerrero
91.7%
Insurrextion 00Scotty 2 Hotty
91.7%
Insurrextion 00Eddie Guerrero
91.7%
No Way Out 00Dean Malenko
91.4%
Wrestlemania 2000Dean Malenko
91.4%
Backlash 00Dean Malenko
91.4%
Insurrextion 00Dean Malenko
91.4%
Survivor Series 99Grand Master Sexay
91.2%
Armageddon 99Grand Master Sexay
91.2%
Royal Rumble 00Grand Master Sexay
91.2%
Event Wrestler % Correct
No Way Out 00Grand Master Sexay
91.2%
Wrestlemania 2000Grand Master Sexay
91.2%
Insurrextion 00Grand Master Sexay
91.2%
No Mercy 99Val Venis
91%
Survivor Series 99Val Venis
91%
Armageddon 99Rikishi
91%
Armageddon 99Val Venis
91%
Armageddon 99Vince McMahon
91%
Royal Rumble 00Rikishi
91%
Royal Rumble 00Val Venis
91%
No Way Out 00Rikishi
91%
Wrestlemania 2000Rikishi
91%
Insurrextion 00Rikishi
91%
Insurrextion 00Shane McMahon
91%
Survivor Series 99Al Snow
90.7%
Royal Rumble 00Test
90.7%
Royal Rumble 00Al Snow
90.7%
Wrestlemania 2000Test
90.7%
Wrestlemania 2000Al Snow
90.7%
Backlash 00Test
90.7%
Survivor Series 99Prince Albert
89.5%
Royal Rumble 00Prince Albert
89.5%
Wrestlemania 2000Albert
89.5%
Backlash 00Albert
89.5%
No Mercy 99Ivory
88.8%
Survivor Series 99Steve Blackman
88.8%
Survivor Series 99Ivory
88.8%
Armageddon 99Steve Blackman
88.8%
Armageddon 99Ivory
88.8%
Royal Rumble 00Tazz
88.8%
Royal Rumble 00Ivory
88.8%
Royal Rumble 00Steve Blackman
88.8%
No Way Out 00Tazz
88.8%
Wrestlemania 2000Tazz
88.8%
Wrestlemania 2000Steve Blackman
88.8%
Backlash 00Tazz
88.8%
Survivor Series 99Mark Henry
88.3%
Survivor Series 99Viscera
88.3%
Armageddon 99Mark Henry
88.3%
Armageddon 99Viscera
88.3%
Royal Rumble 00Viscera
88.3%
No Way Out 00Mark Henry
88.3%
No Way Out 00Viscera
88.3%
Wrestlemania 2000Viscera
88.3%
No Mercy 99Jeff Jarrett
87.4%
No Mercy 99The British Bulldog
86%
Survivor Series 99The British Bulldog
86%
Royal Rumble 00British Bulldog
86%
Insurrextion 00The British Bulldog
86%
Survivor Series 99Mosh
85.7%
Armageddon 99Mosh
85.7%
Royal Rumble 00Mosh
85.7%
Wrestlemania 2000Mosh
85.7%
Survivor Series 99Thrasher
85%
Armageddon 99Thrasher
85%
Wrestlemania 2000Thrasher
85%
No Mercy 99Mideon
84.3%
Survivor Series 99Mideon
84.3%
Armageddon 99Miss Kitty
84.3%
Royal Rumble 00The Kat
84.3%
Wrestlemania 2000The Kat
84.3%
Insurrextion 00The Kat
84.3%
Survivor Series 99Terri Runnels
83.8%
Royal Rumble 00Terri Runnels
83.8%
Wrestlemania 2000Terri Runnels
83.8%
Insurrextion 00Terri Runnels
83.8%
Survivor Series 99Jacqueline
82.6%
Armageddon 99Jacqueline
82.6%
Royal Rumble 00Jacqueline
82.6%
Survivor Series 99Mae Young
82.4%
Royal Rumble 00Mae Young
82.4%
Wrestlemania 2000Bull Buchanan
82.4%
Backlash 00Bull Buchanan
82.4%
Insurrextion 00Bull Buchanan
82.4%
No Mercy 99The Fabulous Moolah
81.2%
Survivor Series 99The Fabulous Moolah
81.2%
Survivor Series 99Tori
79.5%
Survivor Series 99Pete Gas
78.1%
Armageddon 99Pete Gas
78.1%
Wrestlemania 2000Pete Gas
78.1%
Survivor Series 99Rodney
77.6%
Survivor Series 99Joey Abs
77.6%
Armageddon 99Rodney
77.6%
Wrestlemania 2000Rodney
77.6%
Wrestlemania 2000Joey Abs
77.6%
Survivor Series 99Gangrel
75.2%
Royal Rumble 00Gangrel
75.2%
Survivor Series 99Shawn Stasiak
74.5%
Wrestlemania 2000Taka Michinoku
74.5%
Wrestlemania 2000Funaki
73.3%
Armageddon 99B.B
72.6%
Royal Rumble 00B.B
72.6%
Armageddon 99The British Bulldog
71.2%
Survivor Series 99Luna Vachon
71%
Royal Rumble 00Luna
71%
Survivor Series 99Debra
67.6%
Backlash 00Essa Rios
62.9%
Royal Rumble 00Bob Backlund
55.2%

You're not logged in!

Compare scores with friends on all Sporcle quizzes.
OR
Log In

You Might Also Like...

Show Comments

Extras

Top Quizzes Today


Score Distribution

Your Account Isn't Verified!

In order to create a playlist on Sporcle, you need to verify the email address you used during registration. Go to your Sporcle Settings to finish the process.

Report this User

Report this user for behavior that violates our Community Guidelines.

Details: